Statistics for Major Wine Grapes

Click here to take the quiz!

General Stats

  • This quiz has been taken 196 times
  • The average score is 8 of 24

Answer Stats

White Varietals% Correct
Merlot
92%
Chardonnay
87%
Pinot Noir
78%
Sauvignon Blanc
72%
Syrah/Shiraz
72%
Cabernet Sauvignon
70%
Riesling
57%
Tempranillo
36%
Zinfandel
36%
Sangiovese
35%
Nebbiolo
30%
Rioja
26%
Gamay
25%
California
23%
Tuscany
23%
Beaujolais
9%
Piedmont
9%
Bordeaux, Loire Valley, New Zealand, California
0%
Bordeaux, Napa
0%
Bordeaux, Napa, Chile
0%
Burgundy, Champagne, California, Australia
0%
Burgundy, Champagne, California, Oregon
0%
Germany, Alsace, New York State, Washington State
0%
Rhone Valley, Australia, California
0%

Score Distribution

Percentile by Number Answered

Percent of People with Each Score

Your Score History

You have not taken this quiz